000 00556nam a2200205Ia 4500
003 GCL
008 140319s9999 xx 000 0 eng d
040 _aGCL /
_cGCL
082 0 4 _a610.73
_bA N
100 1 _aALEXANDER, MARGARET F.
245 1 0 _aNURSING PRACTICE HOSPITAL AND HOME /
_cALEXANDER, MARGARET F.
700 1 _aJOSEPHINE, FAWCETT N.
700 1 _aPHYLLIS, RUNCIMAN J.
260 _a[S.N] :
_bCHURCHILL LIVINGSTONE ،
_c1994
300 _a1065 P
650 0 4 _aNURSING
650 0 4 _aNURSING CARE
650 0 4 _aHOSPITALS
942 _2ddc
_cBK
999 _c20831
_d20831